000 00428nam a22001457a 4500
008 250524b |||||||| |||| 00| 0 eng d
020 _a9781138958579
050 _aLB1139.5
_b.R68
100 _aWallace, llona
245 _aThe routledge handbook of language education curriculum design
260 _aNew york
_bRoutledge Taylor and Francis group
300 _axvi,315p.
650 _acurriculum- social aspects
942 _cBK
999 _c3656
_d3656